| 000 | 00475nam a2200157 i 4500 | ||
|---|---|---|---|
| 001 | 98482 | ||
| 003 | ES-MaACL | ||
| 005 | 20230906182308.0 | ||
| 007 | t| | ||
| 008 | 050915s1914 sp ||||1| spa d | ||
| 100 | 1 |
_aRoesset y Mosquera, Eugenio Julio. _998912 |
|
| 245 | 1 | 3 |
_aEl diablejo amarillo _b: escenas dialogadas de la vida moderna / _cJuan Pérez (seud.). |
| 260 |
_aMadrid : _bBernardo Rodríguez, _c1914. |
||
| 300 |
_a266 p. ; _c19 cm. |
||
| 852 |
_aES-MaACL _jF-6789 |
||
| 999 |
_c98482 _d98482 |
||